000 00515nam a22001937a 4500
005 20260601114633.0
010 _aENG-148662
020 _a9789347590450
_c175.00
035 _aEN-132194
037 _bDBAD
082 _aS
_21
100 _aIbsen, Henrik
_989242
245 _aA Doll's House/
_cHenrik Ibsen
250 _a1
260 _aChandigarh
_bThe Browser
_c2026
270 _bChandigarh
_aSCO 14-15, Sector 8-C
_e160009
_mservice@thebrowser.org
300 _a116p.
_c21cm(pb)
942 _2ddc
_cEN
_hS
_mIBS
999 _c216426
_d216426